| 000 | 00626nam a2200193Ia 4500 | ||
|---|---|---|---|
| 005 | 20260120124615.0 | ||
| 008 | 008 260114s9999 xx 000 0 eng d | ||
| 020 | _a9780762314744 | ||
| 037 | _aEBOOK | ||
| 040 |
_aCRL _beng _cCRL |
||
| 041 |
_aeng _2eng |
||
| 084 | _qCRL | ||
| 245 | 0 | _aInequalities and Disparities in Health Care and Health: Concerns of Patients, Providers and Insurers | |
| 260 |
_bEmerald Publishing _c2007 |
||
| 700 |
_aJennie Jacobs Kronenfeld _9908326 |
||
| 856 | _uhttps://www.emerald.com/insight/publication/doi/10.1016/S0275-4959(2007)25 | ||
| 942 | _cEBOOK | ||
| 999 |
_c1500214 _d1500214 |
||